000 00489nam a22001457a 4500
008 230529b |||||||| |||| 00| 0 eng d
040 _aNational Science Library
_cNational Science Library
080 _aR 92:061.61.021INSA
_bM4
245 _aFellows of the Indian national science academy 1935-1984
_c/ Indian National Science Academy
260 _aNew Delhi:
_bIndian National Science Academy,
_c1984
300 _a591p.
650 _aGeography
653 _aScience
942 _2udc
_cPR
999 _c36074
_d36074